| 000 | 00709cai a22001815a 4500 | ||
|---|---|---|---|
| 001 | L153120 | ||
| 008 | 110609u xxk g 000 0 eng d | ||
| 035 | _a(Sirsi) u153120 | ||
| 041 | 0 | _aeng | |
| 110 | 2 |
_aFindaproperty _95954 |
|
| 245 | 0 | 0 |
_aFindaproperty.com rental index _h[electronic resource] |
| 520 | _aMonitors changes in letting prices both annually and monthly. Provides a comprehensive view on the current state of the residential property market in England and Wales. | ||
| 590 | _aKA | ||
| 651 | 4 | _aENGLAND AND WALES | |
| 690 | _aPROPERTY-RESIDENTIAL PROPERTY | ||
| 856 | 4 | 0 |
_uhttps://www.findaproperty.com/rental-index.aspx _zView the website free of charge at www.findaproperty.com |
| 942 | _n0 | ||
| 999 |
_c120912 _d120912 |
||